LEADER 01081nam a2200277 i 4500 001 991001497319707536 005 20020502180304.0 008 991215s1999 ||| ||| | ||| 020 $a8815068910 035 $ab10856985-39ule_inst 035 $aLE02370114$9ExL 040 $aDip.to Studi Storici$bita 082 0 $a372 100 1 $aRoggero, Marina$0140394 245 12$aL'alfabeto conquistato :$bapprendere e insegnare nell'Italia tra Sette e Ottocento di Marina Roggero 260 $aBologna :$bIl Mulino,$c1999 300 $a322 p. ;$c21 cm. 650 4$aAlfabetizzazione 650 4$aIstruzione elementare$zItalia$ySec. 18.-19. 907 $a.b10856985$b16-11-21$c28-06-02 912 $a991001497319707536 945 $aLE023 372 ROG 1 1$g1$i2023000045510$lle023$o-$pE0.00$q-$rl$s- $t0$u1$v0$w1$x0$y.i1096714x$z28-06-02 945 $aLE023 Fondo Brambilla 1116$g1$i2023000211908$lle023$o-$pE20.60$q-$rn$so $t0$u0$v0$w0$x0$y.i15986408$z16-11-21 996 $aAlfabeto conquistato$9211847 997 $aUNISALENTO 998 $ale023$b01-01-99$cm$da $e-$feng$gxx $h2$i1 LEADER 03222oam 2200565I 450 001 9910154870503321 005 20240505160051.0 010 $a1-315-60478-7 010 $a1-317-06799-1 010 $a1-317-06798-3 024 7 $a10.4324/9781315604787 035 $a(CKB)4340000000019299 035 $a(MiAaPQ)EBC4756187 035 $a(OCoLC)967742650 035 $a(BIP)56234874 035 $a(BIP)54331432 035 $a(EXLCZ)994340000000019299 100 $a20180706d2017 uy 0 101 0 $aeng 135 $aurcnu|||||||| 181 $2rdacontent 182 $2rdamedia 183 $2rdacarrier 200 00$aMateriality and the study of religion $ethe stuff of the sacred /$fedited by Tim Hutchings and Joanne McKenzie 205 $a1st ed. 210 1$aNew York :$cRoutledge,$d2017. 215 $a1 online resource (256 pages) $cillustrations, photographs 225 0 $aTheology and Religion in Interdisciplinary Perspective Series in Association with the BSA Sociology of Religion Study Group 311 08$a1-4724-7783-9 320 $aIncludes bibliographical references at the end of each chapters and index. 327 $apt. 1. Production -- pt. 2. Classification -- pt. 3. Circulation. 330 $aMaterial culture has emerged in recent decades as a significant theoretical concern for the study of religion. This book contributes to and evaluates this material turn, presenting thirteen chapters of new empirical research and theoretical reflection from some of the leading international scholars of material religion. Following a model for material analysis proposed in the first chapter by David Morgan, the contributors trace the life cycle of religious materiality through three phases: the production of religious objects, their classification as religious (or non-religious), and their circulation and use in material culture. The chapters in this volume consider how objects become and cease to be sacred, how materiality can be used to contest access to public space and resources, and how religion is embodied and performed by individuals in their everyday lives. Contributors discuss the significance of the materiality of religion across different religious traditions and diverse geographical regions, paying close attention to gender, age, ethnicity, memory and politics. The volume closes with an afterword by Manuel Va?squez. 410 0$aTheology and religion in interdisciplinary perspective.$pTheology and religion in interdisciplinary perspective series in association with the BSA Sociology of Religion Study Group. 606 $aReligious articles 606 $aReligion and culture 606 $aMaterial culture$xReligious aspects 606 $aMaterialism$xReligious aspects 615 0$aReligious articles. 615 0$aReligion and culture. 615 0$aMaterial culture$xReligious aspects. 615 0$aMaterialism$xReligious aspects. 676 $a203 701 $aHutchings$b Tim$c(Sociologist of digital religion)$0886586 801 0$bMiAaPQ 801 1$bMiAaPQ 801 2$bMiAaPQ 906 $aBOOK 912 $a9910154870503321 996 $aMateriality and the study of religion$91979834 997 $aUNINA